Gestion financière de l'approvisionnement en eau et de l'assainissement - manuel

Zapisane w:
Opis bibliograficzny
1. autor: OMS
Format: Książka
Język:Undetermined
Wydane: Genève OMS 1995
Hasła przedmiotowe:
Etykiety: Dodaj etykietę
Nie ma etykietki, Dołącz pierwszą etykiete!
Thư viện lưu trữ: Trung tâm Học liệu Trường Đại học Cần Thơ
LEADER 00529nam a2200181Ia 4500
001 CTU_21561
008 210402s9999 xx 000 0 und d
082 |a 363.7 
082 |b O.56 
100 |a OMS 
245 0 |a Gestion financière de l'approvisionnement en eau et de l'assainissement - manuel 
245 0 |c OMS 
260 |a Genève 
260 |b OMS 
260 |c 1995 
650 |a environmental protection,public health,water supply 
904 |i Minh, 980112 
980 |a Trung tâm Học liệu Trường Đại học Cần Thơ